[Event "FIDE Grand Swiss"]
[Site "Samarkand UZB"]
[Date "2025.09.15"]
[Round "11.18"]
[White "Daniil Dubov"]
[Black "Shamsiddin Vokhidov"]
[Result "1/2-1/2"]
[EventDate "2025.09.04"]
[WhiteElo "2691"]
[BlackElo "2645"]
[PlyCount "74"]

1. e4 e5 2. Nf3 Nc6 3. Bc4 Bc5 4. O-O Nf6 5. Nc3 O-O 6. Re1 Ng4 7. Rf1 Nf6 8. d3 h6 9. a3 a6 10. Be3 d6 11. Bxc5 dxc5 12. Nd5 Re8 13. Ne3 Nd4 14. h3 b5 15. Ba2 Bb7 16. Nxd4 cxd4 17. Ng4 Bc8 18. Nxf6+ Qxf6 19. Qd2 Be6 20. f4 Bxa2 21. Rxa2 exf4 22. Rxf4 Qd6 23. a4 Rab8 24. b3 Re5 25. axb5 axb5 26. Ra1 c5 27. Qf2 f6 28. Rf5 Rbe8 29. Qg3 Qe7 30. Rxe5 Qxe5 31. Qg6 Qe7 32. Ra6 Kf8 33. Rc6 Qe5 34. g3 Re6 35. Rc8+ Re8 36. Rc6 Re6 37. Rc8+ Re8 1/2-1/2

[Event "FIDE Grand Swiss"]
[Site "Samarkand UZB"]
[Date "2025.09.14"]
[Round "10.17"]
[White "Mittal Aditya"]
[Black "Daniil Dubov"]
[Result "1/2-1/2"]
[EventDate "2025.09.04"]
[WhiteElo "2560"]
[BlackElo "2691"]
[PlyCount "60"]

1. c4 e6 2. Nc3 d5 3. d4 Bb4 4. a3 Bxc3+ 5. bxc3 c5 6. e3 Nf6 7. cxd5 exd5 8. Bd3 Bg4 9. Ne2 Nc6 10. O-O O-O 11. Qd2 Na5 12. Rb1 Ne4 13. Qe1 Bxe2 14. Bxe2 Re8 15. f3 Nd6 16. dxc5 Ndc4 17. Bxc4 Nxc4 18. Qd1 Nxe3 19. Bxe3 Rxe3 20. Qd4 Re7 21. Rfd1 Qc7 22. Qxd5 Rae8 23. Rb4 g6 24. Re4 Rxe4 25. fxe4 Re5 26. Qd8+ Qxd8 27. Rxd8+ Kg7 28. Ra8 Rxc5 29. Rxa7 Rxc3 30. Rxb7 Rxa3 1/2-1/2

[Event "FIDE Grand Swiss"]
[Site "Samarkand UZB"]
[Date "2025.09.13"]
[Round "9.17"]
[White "Daniil Dubov"]
[Black "Aram Hakobyan"]
[Result "1/2-1/2"]
[EventDate "2025.09.04"]
[WhiteElo "2691"]
[BlackElo "2625"]
[PlyCount "62"]

1. d4 Nf6 2. Nf3 d5 3. c4 e6 4. g3 Be7 5. Bg2 O-O 6. O-O dxc4 7. Qc2 a6 8. a4 Bd7 9. Qxc4 Bc6 10. Bg5 Nbd7 11. Nc3 h6 12. Bxf6 Nxf6 13. Rfd1 Bd5 14. Qd3 Bxf3 15. Bxf3 c6 16. h4 Qa5 17. Qc2 Rad8 18. e3 Rd7 19. Ne2 Rfd8 20. Nc1 e5 21. Nb3 Qc7 22. h5 exd4 23. Nxd4 Qe5 24. Nf5 Bb4 25. Rxd7 Rxd7 26. Rd1 Rxd1+ 27. Bxd1 Qe4 28. Qxe4 Nxe4 29. Kf1 Nd6 30. Nxd6 Bxd6 31. a5 1/2-1/2

[Event "FIDE Grand Swiss"]
[Site "Samarkand UZB"]
[Date "2025.09.12"]
[Round "8.16"]
[White "Maksim Chigaev"]
[Black "Daniil Dubov"]
[Result "1/2-1/2"]
[EventDate "2025.09.04"]
[WhiteElo "2638"]
[BlackElo "2691"]
[PlyCount "60"]

1. e4 c5 2. Nf3 Nc6 3. Bb5 e6 4. Bxc6 bxc6 5. b3 Ne7 6. Bb2 d6 7. d3 e5 8. Nbd2 Ng6 9. Qe2 Be7 10. O-O-O a5 11. a4 Nf4 12. Qf1 O-O 13. g3 Bh3 14. Qe1 Ne6 15. Kb1 f5 16. exf5 Bxf5 17. h3 Bg6 18. Qe3 Nc7 19. Rdg1 Nd5 20. Qe2 Rb8 21. h4 Qe8 22. Ng5 Bh5 23. Qe1 Bg6 24. Qe2 Bh5 25. Qe1 Bg6 26. Qe2 Bh5 27. Qe1 Bg6 28. Qe2 Bh5 29. Qe1 Bg6 30. Qe2 Bh5 1/2-1/2

[Event "FIDE Grand Swiss"]
[Site "Samarkand UZB"]
[Date "2025.09.11"]
[Round "7.17"]
[White "Daniil Dubov"]
[Black "Andy Woodward"]
[Result "1/2-1/2"]
[EventDate "2025.09.04"]
[WhiteElo "2691"]
[BlackElo "2557"]
[PlyCount "66"]

1. e4 e5 2. Nf3 Nc6 3. Bb5 a6 4. Ba4 Nf6 5. O-O Bc5 6. c3 b5 7. Bb3 d6 8. d3 h6 9. Re1 O-O 10. Nbd2 Ne7 11. Nf1 Ng6 12. Ng3 Bb6 13. h3 c5 14. d4 Re8 15. a4 Rb8 16. Bc2 Qc7 17. Be3 b4 18. dxe5 dxe5 19. cxb4 cxb4 20. Bb3 Bxe3 21. Rxe3 Be6 22. Rc1 Bxb3 23. Rxb3 Red8 24. Qe1 Qa5 25. Rc4 Qxa4 26. Rbxb4 Rxb4 27. Qxb4 Qxb4 28. Rxb4 Rd1+ 29. Kh2 Rc1 30. Rb8+ Kh7 31. Rb7 Kg8 32. Rb8+ Kh7 33. Rb7 1/2-1/2

[Event "FIDE Grand Swiss"]
[Site "Samarkand UZB"]
[Date "2025.09.09"]
[Round "6.20"]
[White "Mateusz Bartel"]
[Black "Daniil Dubov"]
[Result "1/2-1/2"]
[EventDate "2025.09.04"]
[WhiteElo "2581"]
[BlackElo "2691"]
[PlyCount "82"]

1. e4 e5 2. Nf3 Nc6 3. Bb5 a6 4. Ba4 Nf6 5. d3 b5 6. Bb3 Be7 7. a4 Bb7 8. Nbd2 O-O 9. O-O d6 10. Re1 Re8 11. Nf1 h6 12. Bd2 Bf8 13. Ne3 Ne7 14. c4 bxc4 15. Nxc4 Nc6 16. Ne3 Rb8 17. Bc3 Ne7 18. Nc4 Ng6 19. Ba2 c5 20. b4 cxb4 21. Bxb4 Bxe4 22. Ba5 Bxf3 23. Qxf3 Qd7 24. Nb6 Qd8 25. Rab1 d5 26. g3 Re6 27. Nc4 Rxb1 28. Rxb1 Qe8 29. Nb6 Bc5 30. Bxd5 Rd6 31. Ba2 e4 32. Qf5 Bxb6 33. Rxb6 Rxb6 34. Bxb6 Qxa4 35. Bc4 Qa1+ 36. Kg2 Ne5 37. Qc8+ Kh7 38. Qf5+ Kh8 39. Qc8+ Kh7 40. Qf5+ Kg8 41. Qc8+ 1/2-1/2

[Event "FIDE Grand Swiss"]
[Site "Samarkand UZB"]
[Date "2025.09.08"]
[Round "5.25"]
[White "Daniil Dubov"]
[Black "Alexandr Predke"]
[Result "1-0"]
[EventDate "2025.09.04"]
[WhiteElo "2691"]
[BlackElo "2617"]
[PlyCount "150"]

1. e4 e5 2. Nf3 Nc6 3. Bc4 Nf6 4. d3 Bc5 5. Nc3 O-O 6. O-O h6 7. a3 a6 8. Be3 d6 9. Bxc5 dxc5 10. Nd5 Re8 11. Ne3 Nd4 12. a4 b6 13. Nd2 Rb8 14. Kh1 b5 15. Ba2 Qd6 16. f3 g6 17. Rf2 Kg7 18. Qf1 Nh5 19. g3 c4 20. axb5 axb5 21. dxc4 b4 22. c5 Qxc5 23. Qc4 Qxc4 24. Bxc4 Bh3 25. Bf1 Bxf1 26. Rfxf1 Ra8 27. Kg2 Nf6 28. Ndc4 Nc6 29. Rfd1 Reb8 30. Kf2 Rxa1 31. Rxa1 Rb5 32. Ra8 Nd4 33. Rc8 Ne6 34. Ke2 Nd4+ 35. Kf2 Ne6 36. b3 Kh7 37. Nd1 Nd7 38. Ndb2 Kg7 39. Nd3 h5 40. Ke3 Kf6 41. f4 exf4+ 42. Nxf4 Rb7 43. Na5 Rb5 44. Nc6 h4 45. Nd5+ Kg7 46. Ncxb4 Ne5 47. gxh4 Ng4+ 48. Ke2 Nxh2 49. Na6 c6 50. Nac7 Nxc7 51. Nxc7 Re5 52. Ne8+ Kh6 53. Nd6 Kh5 54. Rxc6 f5 55. b4 Kxh4 56. b5 f4 57. b6 Kg3 58. b7 f3+ 59. Kd2 f2 60. Nf5+ gxf5 61. b8=Q Nf3+ 62. Ke2 Nd4+ 63. Kf1 Nxc6 64. Qd6 fxe4 65. Qg6+ Kf4 66. Qxc6 e3 67. Ke2 Kf5 68. c4 Re4 69. Qd5+ Re5 70. Qd7+ Kf6 71. Qd6+ Re6 72. Qf8+ Kg6 73. c5 Rf6 74. Qe8+ Kg5 75. Qxe3+ 1-0

[Event "FIDE Grand Swiss"]
[Site "Samarkand UZB"]
[Date "2025.09.07"]
[Round "4.26"]
[White "Andrei Volokitin"]
[Black "Daniil Dubov"]
[Result "1/2-1/2"]
[EventDate "2025.09.04"]
[WhiteElo "2628"]
[BlackElo "2691"]
[PlyCount "70"]

1. e4 e5 2. Nf3 Nc6 3. Bb5 a6 4. Ba4 Nf6 5. O-O Be7 6. d3 b5 7. Bb3 d6 8. a4 Rb8 9. axb5 axb5 10. Nc3 O-O 11. h3 Nb4 12. Qe2 c5 13. Nd1 Be6 14. Bxe6 fxe6 15. Ne3 Nc6 16. Bd2 Ra8 17. Rfb1 Rxa1 18. Rxa1 Qd7 19. Ng4 Nxg4 20. hxg4 Qb7 21. g5 Ra8 22. Qf1 Rxa1 23. Qxa1 Qa7 24. Qb1 Kf7 25. g3 Qd7 26. Kg2 Bd8 27. Qa1 Qb7 28. Qh1 Kg8 29. Qh3 Qf7 30. Qg4 Bb6 31. Be3 Nb4 32. Ne1 Nc6 33. Nf3 Nb4 34. Ne1 Nc6 35. Nf3 1/2-1/2

[Event "FIDE Grand Swiss"]
[Site "Samarkand UZB"]
[Date "2025.09.06"]
[Round "3.25"]
[White "Daniil Dubov"]
[Black "Maxime Lagarde"]
[Result "1/2-1/2"]
[EventDate "2025.09.04"]
[WhiteElo "2691"]
[BlackElo "2609"]
[PlyCount "108"]

1. e4 c5 2. Nf3 e6 3. c3 Nf6 4. Bd3 Nc6 5. O-O d5 6. e5 c4 7. Bc2 Ng4 8. Ba4 Bd7 9. Bxc6 bxc6 10. d3 cxd3 11. h3 Nh6 12. Bxh6 gxh6 13. Qxd3 Qb6 14. Nbd2 Qxb2 15. Rfb1 Qa3 16. Nf1 Bg7 17. Ng3 O-O 18. Nh5 Kh8 19. Rb7 Bc8 20. Rb4 Ba6 21. Qc2 Bc4 22. Nf6 Bxf6 23. exf6 a5 24. Rb7 Rab8 25. Rab1 Rxb7 26. Rxb7 Qxa2 27. Qc1 Qe2 28. Rb2 Qe4 29. Qxh6 Rg8 30. Rb8 Qg6 31. Qxg6 fxg6 32. Rb7 Rf8 33. Ng5 Rxf6 34. Nxh7 Rf5 35. g4 Rf4 36. Ng5 Rf6 37. Ra7 Kg8 38. Rxa5 e5 39. Ra7 e4 40. Kg2 Bb5 41. Rc7 Be2 42. Kg3 Bd1 43. Rc8+ Kg7 44. Ra8 Be2 45. Ra2 Bd1 46. Rb2 Kg8 47. c4 e3 48. fxe3 dxc4 49. Rd2 Rf1 50. Rd6 Ba4 51. Ne4 Rc1 52. Rd8+ Kf7 53. Rd7+ Kf8 54. Ra7 c3 1/2-1/2

[Event "FIDE Grand Swiss"]
[Site "Samarkand UZB"]
[Date "2025.09.05"]
[Round "2.24"]
[White "Jon Ludvig Hammer"]
[Black "Daniil Dubov"]
[Result "1/2-1/2"]
[EventDate "2025.09.04"]
[WhiteElo "2618"]
[BlackElo "2691"]
[PlyCount "38"]

1. d4 d5 2. c4 e6 3. Nf3 Nf6 4. Nc3 c6 5. e3 Nbd7 6. Be2 Be7 7. a4 O-O 8. O-O a5 9. b3 b6 10. Bb2 Bb7 11. Nd2 Re8 12. g3 Bb4 13. Na2 Bf8 14. Nc3 Rc8 15. Rc1 Bb4 16. Na2 Bf8 17. Nc3 Bb4 18. Na2 Bf8 19. Nc3 Bb4 1/2-1/2

[Event "FIDE Grand Swiss 2025"]
[Site "Samarkand UZB"]
[Date "2025.09.04"]
[Round "1.24"]
[White "Daniil Dubov"]
[Black "Alexei Shirov"]
[Result "1/2-1/2"]
[EventDate "2025.09.04"]
[WhiteElo "2691"]
[BlackElo "2616"]
[PlyCount "38"]

1. d4 d5 2. Nf3 Nf6 3. Bf4 c5 4. e3 Nc6 5. Nbd2 Bg4 6. c3 e6 7. h3 Bxf3 8. Qxf3 Bd6 9. Be2 O-O 10. O-O e5 11. dxc5 exf4 12. cxd6 fxe3 13. Qxe3 Re8 14. Qd3 Qxd6 15. Rfe1 Ne5 16. Qd4 Nc6 17. Qd3 Ne5 18. Qd4 Nc6 19. Qd3 1/2-1/2

[Event "Niemann - Dubov (Blitz)"]
[Site "Moscow RUS"]
[Date "2025.05.28"]
[Round "10"]
[White "Hans Moke Niemann"]
[Black "Daniil Dubov"]
[Result "0-1"]
[EventDate "2025.05.27"]
[WhiteElo "2736"]
[BlackElo "2693"]
[PlyCount "132"]

1. e4 Nc6 2. d4 d5 3. e5 Bf5 4. c3 e6 5. Bd3 Nge7 6. Nf3 f6 7. O-O Qd7 8. Re1 Bxd3 9. Qxd3 Ng6 10. b4 fxe5 11. dxe5 a6 12. Nbd2 Be7 13. Nb3 O-O 14. a4 Rf5 15. Nbd4 Ncxe5 16. Nxe5 Rxe5 17. Rxe5 Nxe5 18. Qh3 Bf6 19. Qxe6+ Qxe6 20. Nxe6 Nc4 21. Nxc7 Rd8 22. Bf4 Bxc3 23. Rd1 d4 24. Ne6 Rd5 25. Nc5 Nb2 26. Rc1 g5 27. Ne4 Kf7 28. Bxg5 Nxa4 29. h4 Ke6 30. g4 Rb5 31. f4 Kd5 32. Nf6+ Kc4 33. Ne4 Kd3 34. Nf2+ Ke2 35. Rc2+ Kf3 36. f5 Rxb4 37. Nd3 Rb1+ 38. Kh2 Ke4 39. Nf2+ Kd5 40. f6 Bb4 41. Nd3 Bd6+ 42. Bf4 Bf8 43. Rc8 Ba3 44. f7 Rf1 45. Kg2 Rd1 46. Nc5 Nxc5 47. f8=Q Kc4 48. Qf5 d3 49. Be3 b6 50. Qf4+ Kb3 51. Qf7+ Kc3 52. Qa2 Bb4 53. Rd8 Nb3 54. Rc8+ Bc5 55. Bxc5 bxc5 56. Qa4 d2 57. Rd8 Re1 58. Qxa6 Nd4 59. Qa5+ Kd3 60. Qxc5 Re2+ 61. Kg3 Re4 62. Rxd4+ Rxd4 63. Qf5+ Kc3 64. Qc5+ Kd3 65. Qf5+ Kc3 66. Qf3+ Rd3 0-1

[Event "Niemann - Dubov (Blitz)"]
[Site "Moscow RUS"]
[Date "2025.05.28"]
[Round "11"]
[White "Daniil Dubov"]
[Black "Hans Moke Niemann"]
[Result "1-0"]
[EventDate "2025.05.27"]
[WhiteElo "2693"]
[BlackElo "2736"]
[PlyCount "76"]

1. d4 d5 2. c4 c6 3. Nf3 Nf6 4. cxd5 cxd5 5. Nc3 Nc6 6. Bf4 Bf5 7. Qb3 Na5 8. Qa4+ Bd7 9. Qd1 e6 10. e3 Rc8 11. Bd3 Nc4 12. Bxc4 dxc4 13. O-O b5 14. Bg5 Be7 15. a3 a5 16. Ne5 O-O 17. Qf3 h6 18. Bh4 Be8 19. Rfc1 Nd5 20. Bxe7 Nxe7 21. Qe2 f6 22. Nf3 Qb6 23. a4 b4 24. Ne4 c3 25. bxc3 b3 26. Qb2 Bc6 27. Nfd2 Nf5 28. Nc5 Qa7 29. Qxb3 Bd5 30. Qd1 Ba8 31. e4 Nd6 32. Nxe6 Rfe8 33. d5 f5 34. c4 fxe4 35. Qe2 Qf7 36. Nxe4 Rxe6 37. dxe6 Qxe6 38. Ng3 1-0

[Event "Niemann - Dubov (Blitz)"]
[Site "Moscow RUS"]
[Date "2025.05.28"]
[Round "12"]
[White "Hans Moke Niemann"]
[Black "Daniil Dubov"]
[Result "1-0"]
[EventDate "2025.05.27"]
[WhiteElo "2736"]
[BlackElo "2693"]
[PlyCount "70"]

1. e4 Nc6 2. d4 d5 3. e5 Bf5 4. c3 e6 5. Bd3 Nge7 6. f4 Bxd3 7. Qxd3 Nf5 8. Nf3 h5 9. g3 Qd7 10. Nbd2 a5 11. a4 Nce7 12. Rg1 b6 13. h3 c5 14. g4 hxg4 15. hxg4 Nh4 16. Nxh4 Rxh4 17. Nf3 Rh8 18. Be3 Rc8 19. Kf2 Nc6 20. Kg3 cxd4 21. Bxd4 Bc5 22. Rh1 Rg8 23. Qh7 Ne7 24. Qd3 f5 25. Ng5 fxg4 26. Kxg4 Nf5 27. Bxc5 Rxc5 28. Rh7 Rf8 29. Rah1 Qe7 30. Qa6 Qd7 31. Rh8 Ke7 32. Qxb6 Rc6 33. Qxa5 Nh6+ 34. R1xh6 gxh6 35. Qb4+ 1-0

[Event "Niemann - Dubov (Blitz)"]
[Site "Moscow RUS"]
[Date "2025.05.28"]
[Round "13"]
[White "Daniil Dubov"]
[Black "Hans Moke Niemann"]
[Result "1-0"]
[EventDate "2025.05.27"]
[WhiteElo "2693"]
[BlackElo "2736"]
[PlyCount "100"]

1. d4 d5 2. c4 c6 3. Nf3 Nf6 4. cxd5 cxd5 5. Nc3 Nc6 6. Bf4 Bf5 7. Qb3 Na5 8. Qa4+ Bd7 9. Qd1 e6 10. e3 Rc8 11. Bd3 Nc4 12. Bxc4 dxc4 13. O-O b5 14. Bg5 Be7 15. a3 a5 16. Ne5 O-O 17. Qf3 Be8 18. Rfc1 h6 19. Bh4 Nd5 20. Bxe7 Nxe7 21. Qe2 a4 22. Rd1 f6 23. Nf3 Bc6 24. e4 Re8 25. Qc2 Bd7 26. Re1 Qb6 27. Rad1 Rcd8 28. e5 f5 29. d5 Nxd5 30. Nxd5 exd5 31. Nd4 Be6 32. f4 b4 33. axb4 Qxb4 34. Nxe6 Rxe6 35. Qxf5 Qb6+ 36. Kh1 Rf8 37. Qg4 Rg6 38. Qf3 d4 39. f5 Rg5 40. Qd5+ Kh8 41. e6 Rd8 42. Qxc4 Rxf5 43. e7 Re8 44. Qxa4 Qg6 45. Qxd4 Qf7 46. h3 Kh7 47. Qd7 Rf2 48. b4 Qg6 49. Qd3 Qxd3 50. Rxd3 1-0

[Event "Niemann - Dubov (Blitz)"]
[Site "Moscow RUS"]
[Date "2025.05.28"]
[Round "14"]
[White "Hans Moke Niemann"]
[Black "Daniil Dubov"]
[Result "1-0"]
[EventDate "2025.05.27"]
[WhiteElo "2736"]
[BlackElo "2693"]
[PlyCount "86"]

1. e4 e5 2. Nf3 Nc6 3. Bc4 Nf6 4. d3 h6 5. O-O Be7 6. Nc3 d6 7. a3 O-O 8. h3 Re8 9. Re1 Be6 10. Nd5 Bf8 11. c3 Bxd5 12. exd5 Ne7 13. Qb3 Rb8 14. Qa2 Ng6 15. Be3 a6 16. b4 Nh5 17. Qe2 f5 18. a4 Nf6 19. a5 Qd7 20. Rab1 Kh7 21. b5 axb5 22. Bxb5 c6 23. dxc6 bxc6 24. Ba4 Ra8 25. Bb6 Nd5 26. Qc2 Reb8 27. Nd2 Nxb6 28. Rxb6 Rc8 29. Nb3 Be7 30. a6 Bd8 31. Rb7 Rc7 32. Rb6 Rcc8 33. Rb7 Rc7 34. Rb6 Ne7 35. c4 Rca7 36. Rb7 Rxb7 37. axb7 Qxb7 38. Nd2 Bb6 39. Nf3 Ng6 40. c5 Bxc5 41. d4 exd4 42. Qxf5 Rf8 43. Qd3 Rf6 1-0

[Event "Niemann - Dubov (Blitz)"]
[Site "Moscow RUS"]
[Date "2025.05.28"]
[Round "15"]
[White "Daniil Dubov"]
[Black "Hans Moke Niemann"]
[Result "0-1"]
[EventDate "2025.05.27"]
[WhiteElo "2693"]
[BlackElo "2736"]
[PlyCount "100"]

1. d4 d5 2. c4 c6 3. Nf3 Nf6 4. cxd5 cxd5 5. Nc3 Nc6 6. Bf4 a6 7. Qb3 Nh5 8. Bd2 Nf6 9. e3 e6 10. Bd3 Be7 11. O-O O-O 12. Rac1 Bd7 13. Qd1 Rc8 14. Ne5 Bd6 15. f4 Bb4 16. Qf3 Ne7 17. Qh3 Bxc3 18. bxc3 Bb5 19. c4 dxc4 20. Nxc4 Nf5 21. Qf3 Bc6 22. Qe2 Be4 23. Ba5 Qe7 24. Bxe4 Nxe4 25. Qd3 b5 26. Ne5 Qb7 27. Bb4 Rfe8 28. Nc6 Nf6 29. Ne5 Qd5 30. a3 h5 31. Rc5 Rxc5 32. dxc5 Qxd3 33. Nxd3 Nxe3 34. Rc1 Nc4 35. a4 Nd5 36. axb5 axb5 37. Be1 Ra8 38. Rb1 Ra3 39. Ne5 Nxe5 40. fxe5 Re3 41. Rc1 Rxe5 42. c6 Re2 43. Bh4 b4 44. Kf1 Ra2 45. c7 Nxc7 46. Rxc7 b3 47. Rb7 b2 48. Be1 e5 49. h4 f5 50. Rb6 0-1

[Event "Niemann - Dubov (Blitz)"]
[Site "Moscow RUS"]
[Date "2025.05.28"]
[Round "16"]
[White "Hans Moke Niemann"]
[Black "Daniil Dubov"]
[Result "1-0"]
[EventDate "2025.05.27"]
[WhiteElo "2736"]
[BlackElo "2693"]
[PlyCount "96"]

1. e4 Nc6 2. Nf3 e5 3. Bc4 Nf6 4. d3 h6 5. O-O Be7 6. Nc3 d6 7. a3 O-O 8. h3 Re8 9. Re1 Be6 10. Nd5 Bf8 11. Ba2 Bd7 12. c4 a5 13. Bb3 g6 14. Be3 Bg7 15. Ba4 Nb8 16. Bc2 Na6 17. Qd2 Kh7 18. Qxa5 Nc5 19. Qd2 Ne6 20. b4 Nh5 21. a4 Nhf4 22. a5 g5 23. d4 f6 24. b5 Rg8 25. a6 bxa6 26. Rxa6 Rb8 27. Ra7 Kh8 28. Rd1 Bf8 29. dxe5 fxe5 30. Nh2 h5 31. Rda1 Nxd5 32. exd5 Nf4 33. Be4 Rc8 34. Nf1 Qf6 35. b6 g4 36. Bxf4 exf4 37. hxg4 hxg4 38. Rb1 g3 39. Rxc7 Rxc7 40. bxc7 Bg7 41. Qe2 Qg5 42. Qd2 Bc8 43. fxg3 Be5 44. g4 Qf6 45. Nh2 Bd4+ 46. Kf1 Re8 47. Rb8 Qe5 48. Nf3 1-0

[Event "Niemann - Dubov (Blitz)"]
[Site "Moscow RUS"]
[Date "2025.05.28"]
[Round "17"]
[White "Daniil Dubov"]
[Black "Hans Moke Niemann"]
[Result "1/2-1/2"]
[EventDate "2025.05.27"]
[WhiteElo "2693"]
[BlackElo "2736"]
[PlyCount "116"]

1. d4 d5 2. c4 c6 3. Nf3 Nf6 4. Nc3 e6 5. g3 Nbd7 6. Bg2 Bb4 7. O-O O-O 8. Qc2 a5 9. Rd1 b6 10. Ne5 Bb7 11. Bg5 Be7 12. e4 Rc8 13. Nxd7 Qxd7 14. e5 Ne8 15. Bxe7 Qxe7 16. Na4 b5 17. cxb5 cxb5 18. Nc5 Bc6 19. Qd2 Qa7 20. Rdc1 Nc7 21. Rc2 b4 22. Rac1 Bb5 23. f4 Bc4 24. b3 Bb5 25. g4 Na6 26. f5 Qe7 27. Qf4 Nxc5 28. Rxc5 Rxc5 29. Rxc5 Bd3 30. f6 Qa7 31. h4 h6 32. h5 Kh7 33. Qe3 Bb1 34. Qe1 Bd3 35. Qe3 Bb1 36. Kh2 Rg8 37. Qe1 Bd3 38. Qe3 Bb1 39. Rc1 Bxa2 40. Qd3+ Kh8 41. Qd2 Bxb3 42. Rf1 g5 43. hxg6 Rxg6 44. Kg3 Qb8 45. Rh1 Qf8 46. Bf3 Bc4 47. Bd1 b3 48. Qxa5 b2 49. Bc2 Qg8 50. Bxg6 Qxg6 51. Qb4 Be2 52. Qf8+ Kh7 53. Rxh6+ Qxh6 54. Qxf7+ Kh8 55. Qe8+ Kh7 56. Qf7+ Kh8 57. Qe8+ Kh7 58. Qf7+ 1/2-1/2

[Event "Niemann - Dubov (Blitz)"]
[Site "Moscow RUS"]
[Date "2025.05.28"]
[Round "18"]
[White "Hans Moke Niemann"]
[Black "Daniil Dubov"]
[Result "1/2-1/2"]
[EventDate "2025.05.27"]
[WhiteElo "2736"]
[BlackElo "2693"]
[PlyCount "190"]

1. e4 c5 2. Nf3 d6 3. d4 cxd4 4. Nxd4 Nf6 5. Nc3 g6 6. Be3 Nc6 7. f3 h5 8. h3 Bd7 9. Nxc6 bxc6 10. Bc4 Bg7 11. Bb3 O-O 12. O-O a5 13. Qd2 Rb8 14. Rad1 Qc7 15. Rfe1 c5 16. e5 dxe5 17. Nd5 Nxd5 18. Qxd5 Bc6 19. Qxc5 Rfc8 20. a4 e6 21. Bd2 e4 22. fxe4 Bxb2 23. Bxa5 Qb7 24. Qe3 Ra8 25. Bb6 Bxa4 26. Rb1 Bc3 27. Red1 Qc6 28. Bd4 Bxd4 29. Rxd4 Bxb3 30. cxb3 Qb6 31. Qf2 Ra2 32. Rd2 Qxf2+ 33. Rxf2 Ra5 34. Rd2 Rc7 35. b4 Rb5 36. Rd4 Kg7 37. Kf2 Kf6 38. Ke3 Ke5 39. Kd3 Ra7 40. Rd8 Rbb7 41. b5 Rc7 42. Rb3 Ra1 43. Ke3 Re1+ 44. Kd2 Rxe4 45. b6 Rb7 46. Kc3 Re3+ 47. Rd3 Rxd3+ 48. Kxd3 Kd5 49. Ke3 Kc5 50. Rc3+ Kxb6 51. Kf4 f6 52. Re3 g5+ 53. Kf3 Re7 54. Rc3 Rc7 55. Re3 Rc6 56. Ke4 Kc7 57. Rf3 e5 58. Kf5 h4 59. Rd3 Rd6 60. Ra3 Kc6 61. Ra2 Kc5 62. Rc2+ Kd4 63. Rd2+ Kc5 64. Rc2+ Kb4 65. Rc1 Kb3 66. Rc8 Ka4 67. Rc1 Kb5 68. Rc2 Rc6 69. Rb2+ Kc5 70. Rc2+ Kd6 71. Ra2 Kd5 72. Rd2+ Kc5 73. Rc2+ Kb5 74. Rb2+ Kc4 75. Rc2+ Kb5 76. Rb2+ Ka5 77. Rb1 Rb6 78. Ra1+ Kb5 79. Rc1 Rc6 80. Rd1 Rb6 81. Rc1 Rd6 82. Rc2 Rc6 83. Rb2+ Kc5 84. Rc2+ Kd6 85. Ra2 Rc3 86. Kxf6 e4 87. Kxg5 Ke5 88. Kxh4 e3 89. Kg5 Ke4 90. g4 Kf3 91. Kf6 Rc6+ 92. Kf5 Rc5+ 93. Kf6 Rc6+ 94. Kf5 Rc5+ 95. Kf6 Rc6+ 1/2-1/2

[Event "Niemann - Dubov (Blitz)"]
[Site "Moscow RUS"]
[Date "2025.05.28"]
[Round "19"]
[White "Daniil Dubov"]
[Black "Hans Moke Niemann"]
[Result "0-1"]
[EventDate "2025.05.27"]
[WhiteElo "2693"]
[BlackElo "2736"]
[PlyCount "82"]

1. d4 d5 2. Nf3 Nf6 3. c4 c6 4. g3 Bf5 5. Nc3 e6 6. Nh4 Be4 7. f3 Bg6 8. e3 Be7 9. Bd2 Nbd7 10. cxd5 Nxd5 11. Nxg6 hxg6 12. e4 Nxc3 13. bxc3 Qc7 14. Kf2 O-O-O 15. Rb1 e5 16. Be3 f5 17. Bd3 Bd6 18. Kg2 Nf6 19. Qa4 fxe4 20. fxe4 b6 21. Qa6+ Qb7 22. Qa4 Kb8 23. Qc2 Rhe8 24. Rhe1 Bc7 25. a4 Rh8 26. a5 Qc8 27. Kg1 Ng4 28. axb6 Bxb6 29. h4 Qc7 30. Kg2 Nxe3+ 31. Rxe3 g5 32. Rf3 gxh4 33. c4 hxg3 34. Rxg3 Qe7 35. c5 Qh4 36. Rf3 Rdf8 37. cxb6 Qh2+ 38. Kf1 Rxf3+ 39. Ke1 Qg1+ 40. Kd2 Qe3+ 41. Kc3 Qxd4+ 0-1

[Event "Niemann - Dubov (Blitz)"]
[Site "Moscow RUS"]
[Date "2025.05.28"]
[Round "20"]
[White "Hans Moke Niemann"]
[Black "Daniil Dubov"]
[Result "1/2-1/2"]
[EventDate "2025.05.27"]
[WhiteElo "2736"]
[BlackElo "2693"]
[PlyCount "128"]

1. e4 c5 2. Nf3 d6 3. Bb5+ Nd7 4. Ba4 Nf6 5. O-O e6 6. Re1 Be7 7. c4 O-O 8. Nc3 a6 9. d4 cxd4 10. Nxd4 Qc7 11. Qe2 Ne5 12. Bb3 b6 13. f4 Ng6 14. Nf3 Bb7 15. Bc2 Rac8 16. Bd3 d5 17. e5 Ne4 18. Nxe4 dxe4 19. Bxe4 Bxe4 20. Qxe4 Qxc4 21. Qxc4 Rxc4 22. g3 Rc2 23. Rb1 Bb4 24. Re4 Bc5+ 25. Be3 Rd8 26. Bxc5 Rxc5 27. Re2 Ne7 28. Kf2 Rd3 29. Rd2 Rxd2+ 30. Nxd2 Rc2 31. Ke2 Nd5 32. a3 Kf8 33. Kd3 Rc8 34. Nc4 Ke7 35. Nd6 Rc7 36. Ne4 b5 37. Kd2 Rc4 38. Kd3 Rc7 39. Kd2 h5 40. Re1 h4 41. Kd3 Rc8 42. Rg1 Rh8 43. Rc1 hxg3 44. hxg3 Rh3 45. Kd4 Rh2 46. Rc6 Rxb2 47. Rxa6 b4 48. Ra7+ Kd8 49. axb4 Rxb4+ 50. Kd3 Rb3+ 51. Kd2 Re3 52. Nd6 Rxg3 53. Nxf7+ Ke8 54. Nd6+ Kf8 55. Ra8+ Ke7 56. Ra7+ Kd8 57. f5 Rg2+ 58. Ke1 Nc7 59. f6 gxf6 60. exf6 Rg6 61. f7 Rf6 62. Rxc7 Kxc7 63. Ne8+ Kd8 64. Nxf6 Ke7 1/2-1/2

[Event "Niemann - Dubov (Blitz)"]
[Site "Moscow RUS"]
[Date "2025.05.27"]
[Round "1"]
[White "Daniil Dubov"]
[Black "Hans Moke Niemann"]
[Result "1-0"]
[EventDate "2025.05.27"]
[WhiteElo "2693"]
[BlackElo "2736"]
[PlyCount "92"]

1. d4 Nf6 2. c4 e6 3. Nf3 d5 4. g3 Bb4+ 5. Nbd2 O-O 6. Bg2 b6 7. O-O Bb7 8. Ne5 Qc8 9. Ndf3 Nbd7 10. Bf4 Nxe5 11. Bxe5 Nd7 12. cxd5 Nxe5 13. Nxe5 f6 14. Nd3 Bd6 15. dxe6 Bxg2 16. Kxg2 Qxe6 17. Qb3 Qxb3 18. axb3 Rfe8 19. e3 a5 20. Rfc1 Kf7 21. Kf3 f5 22. Rc6 Ke6 23. Rac1 g5 24. h3 a4 25. bxa4 Rxa4 26. Nc5+ bxc5 27. dxc5 Rb4 28. cxd6 cxd6 29. Rd1 Rd8 30. Rd2 h5 31. Rc7 Rd7 32. Rc8 g4+ 33. Kg2 h4 34. gxh4 gxh3+ 35. Kxh3 Rh7 36. f4 Rhb7 37. Re8+ Kf7 38. Rd8 Rb3 39. Re2 Re7 40. h5 Re4 41. Kh4 Ke7 42. Ra8 Rexe3 43. Rxe3+ Rxe3 44. Kg5 Rh3 45. h6 d5 46. h7 1-0

[Event "Niemann - Dubov (Blitz)"]
[Site "Moscow RUS"]
[Date "2025.05.27"]
[Round "2"]
[White "Hans Moke Niemann"]
[Black "Daniil Dubov"]
[Result "1-0"]
[EventDate "2025.05.27"]
[WhiteElo "2736"]
[BlackElo "2693"]
[PlyCount "84"]

1. e4 e5 2. Nf3 Nc6 3. Bc4 Nf6 4. d3 Be7 5. Nc3 d6 6. a3 Bg4 7. h3 Bxf3 8. Qxf3 Nd4 9. Qd1 c6 10. Ba2 Ne6 11. O-O Qd7 12. Ne2 d5 13. Ng3 O-O-O 14. Be3 Kb8 15. Qf3 g6 16. exd5 cxd5 17. c4 d4 18. Bd2 h5 19. b4 h4 20. Ne4 Nxe4 21. Qxe4 Bd6 22. c5 Bc7 23. Rfe1 f5 24. Qf3 Rhf8 25. Rac1 e4 26. dxe4 fxe4 27. Qxe4 Nf4 28. Be6 Qa4 29. Bg4 Qxa3 30. b5 Qb2 31. Bf3 Nxh3+ 32. gxh3 Rxf3 33. Qxf3 Qxd2 34. Red1 Qg5+ 35. Kf1 Qe7 36. Re1 Qg7 37. Re6 Rf8 38. Qe4 Qf7 39. Rc2 d3 40. Rd2 Bf4 41. Re7 Qxe7 42. Qxe7 1-0

[Event "Niemann - Dubov (Blitz)"]
[Site "Moscow RUS"]
[Date "2025.05.27"]
[Round "3"]
[White "Daniil Dubov"]
[Black "Hans Moke Niemann"]
[Result "1-0"]
[EventDate "2025.05.27"]
[WhiteElo "2693"]
[BlackElo "2736"]
[PlyCount "80"]

1. d4 d5 2. c4 c6 3. Nf3 Nf6 4. cxd5 cxd5 5. Nc3 Nc6 6. Bf4 a6 7. Qb3 Ra7 8. e3 e6 9. Bd3 Nh5 10. Be5 f6 11. Bg3 g6 12. O-O Be7 13. e4 Nxg3 14. hxg3 b5 15. exd5 Nb4 16. dxe6 Nxd3 17. Rad1 Qd6 18. Rxd3 Bxe6 19. d5 Bf7 20. Ne4 Qb6 21. Qc3 O-O 22. d6 Bd8 23. Re1 Bc4 24. Rdd1 f5 25. Neg5 Bf6 26. Qd2 Bxa2 27. d7 Bb3 28. Re8 Ra8 29. Rxa8 Rxa8 30. Re1 Qc6 31. Ne5 Qd5 32. Qxd5+ Bxd5 33. Rd1 Bb3 34. Rd3 Bc4 35. Nxc4 bxc4 36. Re3 Ra7 37. Re8+ Kg7 38. d8=Q Bxd8 39. Rxd8 Rb7 40. Rc8 1-0